Loading...
| Science - Chemistry | 2 | 3 | 0 | 1 | 60 | 14 | 59.60 | 2 | 2 |
| Science - Biology | 0 | 5 | 0 | 1 | 50 | 67 | 88.00 | 0 | 3 |
| Literature - American Literature | 2 | 2 | 0 | 0 | 50 | 56 | 85.50 | 0 | 3 |
| Social Science | 1 | 2 | 0 | 1 | 35 | 63 | 94.33 | 0 | 1 |
| Science - Physics | 0 | 4 | 2 | 2 | 30 | 96 | 112.50 | 0 | 2 |
| Literature - World Literature | 0 | 2 | 0 | 0 | 20 | 70 | 75.50 | 0 | 1 |
| Literature - European Literature | 0 | 2 | 0 | 1 | 20 | 73 | 106.00 | 0 | 1 |
| Geography | 0 | 1 | 0 | 0 | 10 | 114 | 114.00 | 0 | 0 |
| Science - Other Science | 0 | 2 | 2 | 0 | 10 | 71 | 84.00 | 1 | 2 |
| Literature - British Literature | 0 | 1 | 1 | 0 | 5 | 123 | 123.00 | 0 | 0 |
| Fine Arts - Other Fine Arts | 0 | 1 | 2 | 0 | 0 | 130 | 130.00 | 0 | 0 |
| History - World History | 0 | 0 | 1 | 0 | -5 | 0.00 | 0 | 0 | |
| History - European History | 0 | 0 | 1 | 0 | -5 | 0.00 | 0 | 0 | |
| History - American History | 0 | 0 | 1 | 0 | -5 | 0.00 | 0 | 0 | |
| Fine Arts - Visual Fine Arts | 0 | 0 | 1 | 0 | -5 | 0.00 | 0 | 0 |